[Event "Dortmund Sparkassen op-B"]
[Site "Dortmund"]
[Date "2014.07.14"]
[Round "3"]
[White "Vestrick, Frank"]
[Black "Schultz, Hauke"]
[Result "1-0"]
[WhiteElo "1798"]
[BlackElo "1446"]
[PlyCount "69"]
[EventDate "2014.07.12"]
[EventType "swiss"]
[EventRounds "9"]
[EventCountry "GER"]
[SourceTitle "EXT 2022"]
[Source "ChessBase"]
[SourceDate "2021.10.06"]
[SourceVersion "1"]
[SourceVersionDate "2021.10.06"]
[SourceQuality "1"]

1. d4 d5 2. c4 dxc4 3. Nf3 Nf6 4. Nc3 e6 5. e3 Bb4 6. Bxc4 Nd5 7. Qc2 a6 8. 0-0 b5 9. Bd3 h6 10. Rd1 0-0 11. Bd2 Bb7 12. Nxd5 Bxd2 13. Nxc7 Ra7 14. Nxd2 Nc6 15. Nxb5 axb5 16. Bxb5 Qb6 17. Bxc6 Bxc6 18. Rdc1 Bb7 19. Qb3 Qa5 20. Qd3 Qg5 21. f3 Ba6 22. Qe4 Qb5 23. Nb3 Bb7 24. Qc2 Rc8 25. Nc5 e5 26. Qb3 Qxb3 27. Nxb3 Rxc1+ 28. Nxc1 exd4 29. exd4 Ra4 30. Ne2 Ba6 31. Kf2 Bxe2 32. Kxe2 Rxd4 33. a4 Rb4 34. Ra2 Kf8 35. a5 1-0

[Event "Dortmund op-B"]
[Site "Dortmund"]
[Date "2005.07.16"]
[Round "8"]
[White "Schultz, Hauke"]
[Black "Matthias, Kurt"]
[Result "0-1"]
[WhiteElo "1249"]
[BlackElo "1677"]
[PlyCount "96"]
[EventDate "2005.07.08"]
[EventType "swiss"]
[EventRounds "9"]
[EventCountry "GER"]
[SourceTitle "CBM 107 Extra"]
[Source "ChessBase"]
[SourceDate "2005.09.01"]
[SourceVersion "1"]
[SourceVersionDate "2005.09.01"]
[SourceQuality "1"]

1. e4 e5 2. Nf3 Nc6 3. Nc3 Nf6 4. d4 exd4 5. Nxd4 Bc5 6. Nxc6 dxc6 7. Qxd8+ Kxd8 8. Bd3 Be6 9. 0-0 Kd7 10. Na4 Be7 11. Be3 b6 12. Rad1 Rhd8 13. Bb5+ Bd6 14. Bd3 Ng4 15. Rfe1 Nxe3 16. Rxe3 b5 17. Nc3 Ke7 18. a3 a5 19. Ne2 Rab8 20. Kh1 Bc5 21. Rg3 g6 22. f4 f5 23. e5 Ba7 24. b3 c5 25. Nc3 c6 26. h3 c4 27. bxc4 bxc4 28. Be2 Rxd1+ 29. Nxd1 Rd8 30. Rc3 Rd2 31. Bf3 Bd5 32. Nb2 Bb6 33. Rxc4 Bxc4 34. Nxc4 Rxc2 35. Nxa5 Rc1+ 36. Kh2 Be3 37. Kg3 h5 38. Nxc6+ Ke6 39. a4 Rc2 40. h4 Rc4 41. a5 Bxf4+ 42. Kh3 Bxe5 43. a6 Ra4 44. Nd8+ Kf6 45. Nc6 Rxa6 46. Nxe5 Kxe5 47. g4 fxg4+ 48. Bxg4 Ra3+ 0-1

[Event "Dortmund op-B"]
[Site "Dortmund"]
[Date "2005.07.10"]
[Round "3"]
[White "Kemmer, Josef"]
[Black "Schultz, Hauke"]
[Result "1-0"]
[WhiteElo "1557"]
[BlackElo "1249"]
[PlyCount "93"]
[EventDate "2005.07.08"]
[EventType "swiss"]
[EventRounds "9"]
[EventCountry "GER"]
[SourceTitle "CBM 107 Extra"]
[Source "ChessBase"]
[SourceDate "2005.09.01"]
[SourceVersion "1"]
[SourceVersionDate "2005.09.01"]
[SourceQuality "1"]

1. c4 e5 2. g3 d6 3. Bg2 c6 4. Nc3 Be6 5. d3 Nd7 6. b3 Be7 7. Nf3 Ngf6 8. 0-0 0-0 9. h3 Qc7 10. e4 d5 11. exd5 cxd5 12. Nb5 Qc6 13. Re1 dxc4 14. dxc4 e4 15. Nfd4 Qb6 16. Nxe6 fxe6 17. Be3 Bc5 18. Nc3 Rad8 19. Qc2 Ne5 20. Na4 Qa5 21. Bxc5 Nd3 22. b4 Nxb4 23. Bxb4 Qxb4 24. Rab1 Qe7 25. Nc3 b6 26. Nxe4 Nxe4 27. Bxe4 Qg5 28. Bxh7+ Kh8 29. Be4 Rd2 30. h4 Qa5 31. Rb5 Qxa2 32. Qxa2 Rxa2 33. Rh5+ Kg8 34. Bh7+ Kf7 35. Rhe5 Ke7 36. Rxe6+ Kd8 37. R6e2 Rxe2 38. Rxe2 Rf7 39. Bg6 Rc7 40. Bd3 a5 41. Re6 Rb7 42. Be4 Rb8 43. Rg6 a4 44. Rxg7 b5 45. Rg8+ Kc7 46. Rxb8 Kxb8 47. cxb5 1-0

[Event "Dortmund op-B"]
[Site "Dortmund"]
[Date "2004.07.24"]
[Round "2"]
[White "Madalinski, Jakob"]
[Black "Schultz, Hauke"]
[Result "1-0"]
[WhiteElo "1472"]
[BlackElo "1227"]
[PlyCount "71"]
[EventDate "2004.07.??"]
[EventType "swiss"]
[EventRounds "9"]
[EventCountry "GER"]
[SourceTitle "EXT 2006"]
[Source "ChessBase"]
[SourceDate "2005.11.24"]
[SourceVersion "1"]
[SourceVersionDate "2005.11.24"]
[SourceQuality "1"]

1. d4 d5 2. Bf4 Nc6 3. Nf3 Nf6 4. e3 e6 5. c4 Ne4 6. a3 Bd7 7. Nc3 Nf6 8. Bd3 Be7 9. 0-0 0-0 10. Qc2 h6 11. Rac1 a5 12. Nb5 Rc8 13. h3 b6 14. Qb1 a4 15. b4 axb3 16. Qxb3 Na5 17. Qb2 dxc4 18. Bxc4 Nxc4 19. Rxc4 c6 20. Na7 Ra8 21. Nxc6 Bxa3 22. Qb3 Bxc6 23. Rxc6 b5 24. Qxb5 Qd5 25. Rb6 Ra5 26. Qb3 Qxb3 27. Rxb3 Rc8 28. Rb7 Nd5 29. Bg3 f5 30. Be5 g5 31. Rg7+ Kf8 32. Rh7 g4 33. Rh8+ Kf7 34. Rxc8 gxf3 35. Ra1 fxg2 36. Bd6 1-0

[Event "Dortmund op-B"]
[Site "Dortmund"]
[Date "2004.07.23"]
[Round "1"]
[White "Sieberg, Rolf"]
[Black "Schultz, Hauke"]
[Result "1-0"]
[WhiteElo "1654"]
[BlackElo "1227"]
[PlyCount "67"]
[EventDate "2004.07.??"]
[EventType "swiss"]
[EventRounds "9"]
[EventCountry "GER"]
[SourceTitle "EXT 2006"]
[Source "ChessBase"]
[SourceDate "2005.11.24"]
[SourceVersion "1"]
[SourceVersionDate "2005.11.24"]
[SourceQuality "1"]

1. e4 e5 2. Nf3 Nc6 3. Bb5 d6 4. 0-0 Nf6 5. d3 a6 6. Ba4 Be6 7. Ng5 Qd7 8. Nxe6 Qxe6 9. Nc3 Qd7 10. h3 Be7 11. Be3 d5 12. Nxd5 Nxd5 13. exd5 Qxd5 14. Qg4 g6 15. Bh6 f5 16. Qe2 Bf6 17. c3 0-0-0 18. Rfd1 Qd6 19. b4 g5 20. b5 axb5 21. Bxb5 Qc5 22. d4 Qxc3 23. Rac1 Qb4 24. Bxc6 bxc6 25. Rxc6 Be7 26. Qxe5 Bd6 27. Qxf5+ Kb7 28. d5 Rhe8 29. Qb1 Qxb1 30. Rxb1+ Ka7 31. Rc4 Re1+ 32. Rxe1 Rb8 33. Ra4+ Kb7 34. Rb1+ 1-0

[Event "Dortmund op-B"]
[Site "Dortmund"]
[Date "2003.08.06"]
[Round "5"]
[White "Schultz, Hauke"]
[Black "Heyder, Siegfried"]
[Result "1-0"]
[WhiteElo "1168"]
[BlackElo "1362"]
[PlyCount "109"]
[EventDate "2003.08.01"]
[EventType "swiss"]
[EventRounds "9"]
[EventCountry "GER"]
[SourceTitle "CBM 095 Extra"]
[Source "ChessBase"]
[SourceDate "2003.09.04"]
[SourceVersion "1"]
[SourceVersionDate "2003.09.04"]
[SourceQuality "1"]

1. e4 c5 2. Nf3 Nc6 3. Nc3 d6 4. d4 cxd4 5. Nxd4 Nf6 6. Nxc6 bxc6 7. Bd3 g6 8. Be3 Bg7 9. Qd2 Ng4 10. Bf4 Qb6 11. h3 Ne5 12. 0-0-0 Rb8 13. Na4 Qb7 14. b3 Bd7 15. g4 c5 16. Nb2 a5 17. a4 Nxd3+ 18. Qxd3 Bxb2+ 19. Kxb2 Bxa4 20. Ra1 Bc6 21. f3 a4 22. Ra3 Qb4 23. Bd2 Qb6 24. Qc3 Kd7 25. Re1 Qa6 26. Ka2 axb3+ 27. cxb3 Qb7 28. Ra1 Ra8 29. Kb2 Ba4 30. Rxa4 Rhb8 31. Rxa8 Rxa8 32. Rxa8 Qxa8 33. Qa5 Qb7 34. Qa4+ Ke6 35. Qc4+ d5 36. Qxc5 dxe4 37. Qc4+ Ke5 38. f4+ Kf6 39. Bc3+ e5 40. Bxe5+ Ke7 41. Qc5+ Ke8 42. Qe3 Qd5 43. Qd4 Qc6 44. Qa4 Kd7 45. Qxc6+ Kxc6 46. Kc3 f5 47. g5 Kd5 48. b4 Kc6 49. Kc4 Kb7 50. Bd4 Kb8 51. Kc5 Kc7 52. Be5+ Kb7 53. Kb5 e3 54. Bc3 e2 55. Be1 1-0